A választójog reformja [különlenyomat] /

Elmentve itt :
Bibliográfiai részletek
Szerző: Concha Győző
Dokumentumtípus: Cikk
Megjelent: 1907
Sorozat:Kolligátum
Kulcsszavak:Alkotmányjog - magyar
Online Access:http://misc.bibl.u-szeged.hu/23574
LEADER 00544nab a2200169 i 4500
001 misc23574
005 20191108150442.0
008 170822s1907 hu o 0|| zxx d
040 |a SZTE Miscellanea Repozitórium  |b hun 
041 |a zxx 
100 1 |a Concha Győző 
245 1 2 |a A választójog reformja   |h [elektronikus dokumentum] :  |b [különlenyomat] /  |c  Concha Győző 
260 |c 1907 
300 |a 1-43 
490 0 |a Kolligátum 
695 |a Alkotmányjog - magyar 
856 4 0 |u http://misc.bibl.u-szeged.hu/23574/1/09921_001-043.pdf  |z Dokumentum-elérés